World War II Bombers - Statistics

General Stats
  • This quiz has been taken 140 times
    100 since last reset
  • The average score is 11 of 36
Answer Stats
Picture Answer % Correct
B17 Flying Fortress
89%
B-29 Superfortress
80%
Avro Lancaster
77%
B-24 Liberator
76%
B-25 Mitchell
68%
Heinkel He111
59%
Junkers Ju-88
52%
B-26 Marauder
51%
Fairey Swordfish
49%
Vickers Wellington
49%
FW 200
36%
Handley Page Halifax
36%
B-18 Bolo
33%
Bristol Blenheim
32%
A-26 Invader
28%
Short Stirling
25%
Arado Ar 234 Blitz
24%
Bristol Beaufort
23%
Petlyakov Pe-2
23%
D3A Val
21%
Hampden
21%
Lockheed Hudson
21%
Tupolev Tu-2
20%
Avro Lincoln
19%
G4M Betty
19%
Ilyushin Il-4
17%
Tupolev SB-2
16%
SM.79
13%
Tupolev TB-3
13%
Vickers Wellesley
11%
B5N2 Kate
9%
Mitsubishi Ki-21
9%
Do 215
8%
Martin Baltimore
7%
Kawasaki Ki-48
5%
Mitsubishi Ki-30
4%
No matching quizzes found
Score Distribution
Percent of People with Each Score
Percentile by Number Answered
Your Score History
You have not taken this quiz since the last reset